| 000 | 005250000a22001810004500 | ||
|---|---|---|---|
| 003 | MACL | ||
| 005 | 20160220163358.0 | ||
| 008 | 160220b xxu||||| |||| 00| 0 eng d | ||
| 040 |
_aMACL _cMACL |
||
| 041 | _aHindi | ||
| 082 | _a370 | ||
| 100 |
_aलहरी रजनीकान्त _939299 |
||
| 245 | _aहिन्दी शिक्षण | ||
| 260 |
_bरामप्रसाद एण्ड संस _c1966 _aआगरा |
||
| 350 | _a5.50 | ||
| 650 |
_aEducation _939300 |
||
| 942 |
_cHIN _k370 _2ddc |
||
| 999 |
_c25752 _d25752 |
||